00570nam a22002297a 4500003000500000005001700005008004100022010000900063011000900072035000900081040000900090082001500099100003000114245001100144260005700155300002000212490001900232500001000251650001200261710004800273830001900321CHAP20220329133523.0971013s1985 us a r 00010 eng d a7346 a8318 a7544 cCHAP00a633.1bR3200aRasmusson, Donald C.eed.1 aBarley aMadison, Wis. :bAmerican Society of Agronomy,c1985 a522 p.b: ilus. aAgronomyv; 26 a63-6314aCebada.0 aAmerican Society of Agronomy. Madison, Wis.0 aAgronomyv; 26